000 00949cam a22002893a 4500
001 2248
005 20231113154859.0
020 _a0439523257 (pbk.)
040 _aCQF
_cCQF
_dOCLCQ
_dDLC
_beng
082 _a813.6
100 1 _aMedearis, Angela Shelf
_d1956-
245 1 4 _aThe case of the missing trophy /
_cAngela Shelf Medearis ; illustrated by Robert Papp.
250 _aFirst printing, October 2004
260 _aNew York :
_bScholastic,
_c2004
300 _a135 pages :
_billustrations
_c20 cm
505 0 _aK
520 _aThe science fair trophy is missing and Cameron and his friends only have until Friday to find it.
521 0 _a580
_bLexile
521 1 _aK
_bRaz-Plus
650 0 _aScience fairs
_vJuvenile fiction.
655 7 _aChildren's stories.
_2lcsh
655 7 _aMystery fiction.
_2gsafd
700 1 _aPapp, Robert
700 1 _aIllustrator
906 _a7
_bcbc
_ccopycat
_d2
_encip
_f20
_gy-genrareb
942 _2ddc
_cBK
_n0
999 _c2248
_d2248